书目信息 |
| 题名: |
滚动轴承的额定负荷与寿命
|
|
| 作者: | 刘泽九 , 贺士荃 著 | |
| 分册: | ||
| 出版信息: | 北京 机械工业出版社 1982 |
|
| 页数: | 331页 | |
| 开本: | 19cm | |
| 丛书名: | ||
| 单 册: | ||
| 中图分类: | TH133.33 | |
| 科图分类: | ||
| 主题词: | 滚动轴承-负荷量 , 负荷量-滚动轴承 | |
| 电子资源: | ||
| ISBN: | ||
| 000 | 00716nam0 2200253 45 | |
| 001 | 0182010735 | |
| 005 | 20060814163424.39 | |
| 010 | @dCNY1.10 | |
| 091 | @a15033.4977 | |
| 100 | @a19950511d1982 em y0chiy0121 ea | |
| 101 | 0 | @achi |
| 102 | @aCN@b110000 | |
| 105 | @ay z 000yy | |
| 200 | 10 | @a滚动轴承的额定负荷与寿命@Agun dong zhou cheng de e ding fu he yu shou ming@f刘泽九, 贺士荃著 |
| 210 | @a北京@c机械工业出版社@d1982 | |
| 215 | @a331页@d19cm | |
| 606 | @a滚动轴承-负荷量 | |
| 606 | @a负荷量-滚动轴承 | |
| 690 | @aTH133.33@v3 | |
| 701 | 0 | @a刘泽九@Aliu ze jiu@4著 |
| 701 | 0 | @a贺士荃@Ahe shi quan@4著 |
| 801 | 0 | @aCN@bTSSF@c20060814 |
| 801 | 2 | @aCN@bNLC@c20060814 |
| 905 | @a10447@dTH133.33@e33 | |
| 滚动轴承的额定负荷与寿命/刘泽九, 贺士荃著.-北京:机械工业出版社,1982 |
| 331页;19cm |
| ISBN :CNY1.10 |
| ● |
| 相关链接 |
|
|
|
|
正题名:滚动轴承的额定负荷与寿命
索取号:TH133.33/33
 
预约/预借
| 序号 | 登录号 | 条形码 | 馆藏地/架位号 | 状态 | 备注 |
| 1 | 0458253 | 204582530 | 密集书库/ [索取号:TH133.33/33] | 在馆 | |
| 2 | 0458265 | 204582656 | 密集书库/ [索取号:TH133.33/33] | 在馆 |